Online
Catalog

A chronological history of Puerto Rico / (Record no. 5499)

MARC details
000 -CABECERA
campo de control de longitud fija 01085cam a2200313 a 4500
001 - NÚMERO DE CONTROL
campo de control 000005703
003 - IDENTIFICADOR DEL NÚMERO DE CONTROL
campo de control OSt
005 - FECHA Y HORA DE LA ÚLTIMA TRANSACCIÓN
campo de control 20200929151743.0
008 - DATOS DE LONGITUD FIJA--INFORMACIÓN GENERAL
campo de control de longitud fija 740301s1973 xxu a 001 0 eng
040 ## - FUENTE DE LA CATALOGACIÓN
Centro catalogador/agencia de origen DO-SdBNP
Lengua de catalogación spa
Centro/agencia transcriptor BNPHU
041 17 - CÓDIGO DE LENGUA
Código de lengua del texto/banda sonora o título independiente eng
Código de lengua original spa
082 ## - NÚMERO DE LA CLASIFICACIÓN DECIMAL DEWEY
Número de clasificación 972.95
Número de documento/Ítem R485h
100 1# - ENTRADA PRINCIPAL--NOMBRE DE PERSONA
Nombre de persona Ribes Tovar, Federico.
9 (RLIN) 16105
240 10 - TÍTULO UNIFORME
Título uniforme Historia cronológica de Puerto Rico.
Lenguaje de la obra Inglés
245 10 - MENCIÓN DE TÍTULO
Título A chronological history of Puerto Rico /
Mención de responsabilidad, etc. Federico Ribes Tovar ; traducción, Anthony Rawlings y Peter Bloch.
260 ## - PUBLICACIÓN, DISTRIBUCIÓN, ETC.
Lugar de publicación, distribución, etc. New York :
Nombre del editor, distribuidor, etc. Plus Ultra Educational,
Fecha de publicación, distribución, etc. 1973.
300 ## - DESCRIPCIÓN FÍSICA
Extensión 589 p. :
Otras características físicas il. ;
Dimensiones 18 cm.
490 1# - MENCIÓN DE SERIE
Mención de serie Plus Ultra ;
Designación de volumen o secuencia 6 ;
500 ## - NOTA GENERAL
Nota general Incluye idice
500 ## - NOTA GENERAL
Nota general Traducción de la Historia cronológica de Puerto Rico
534 ## - NOTA SOBRE LA VERSIÓN ORIGINAL
Encabezamiento principal del original Título original:
Mención de título del original Historia cronológica de Puerto Rico.
590 ## - NOTA LOCAL (RLIN)
Nota local Inventariado, 2020/ YL
651 #4 - PUNTO DE ACCESO ADICIONAL DE MATERIA--NOMBRE GEOGRÁFICO
Nombre geográfico Puerto Rico
Subdivisión general Historia
-- Cronologìa
9 (RLIN) 16106
700 12 - PUNTO DE ACCESO ADICIONAL--NOMBRE DE PERSONA
Nombre de persona Rawlings, Anthony,
Término indicativo de función/relación tr.
9 (RLIN) 16107
700 12 - PUNTO DE ACCESO ADICIONAL--NOMBRE DE PERSONA
Nombre de persona Bloch, Peter,
Término indicativo de función/relación tr.
9 (RLIN) 16108
830 #0 - PUNTO DE ACCESO ADICIONAL DE SERIE-TÍTULO UNIFORME
Título uniforme Plus Ultra ;
Número de parte o sección de la obra 6.
9 (RLIN) 16109
910 ## - DATOS DE OPCIÓN DEL USUARIO (OCLC)
Datos de opción del usuario En proceso
942 ## - ELEMENTOS DE PUNTO DE ACCESO ADICIONAL (KOHA)
Fuente del sistema de clasificación o colocación Dewey Decimal Classification
Tipo de ítem Koha Libros y folletos
Holdings
Estado de retiro Estado de pérdida Fuente del sistema de clasificación o colocación Restricciones de uso No para préstamo Código de colección Localización permanente Ubicación/localización actual Fecha de adquisición Fuente de adquisición Número de inventario Total de préstamos Signatura topográfica completa Código de barras Fecha visto por última vez Precio válido a partir de Tipo de ítem Koha Ubicación en estantería Número de copia
    Dewey Decimal Classification   Excluido de préstamo Monografías: Libros y Folletos General General 21.08.2009 Asociación Puertorriqueña de la Unesco LF1   972.95 R485h 5703-10 25.06.2020 25.06.2020 No se presta    
  Extraviado Dewey Decimal Classification   Excluido de préstamo Monografías: Libros y Folletos General General 24.04.2017   LF1   972.95 R485h 5703-20 25.06.2020 25.06.2020 No se presta Extraviado e. 2

Powered by Koha